Online News (Record no. 756499)

MARC details
000 -LEADER
fixed length control field 00310nam a22001337a 4500
020 ## - INTERNATIONAL STANDARD BOOK NUMBER
ISBN 9789370671409
100 ## - MAIN ENTRY--AUTHOR NAME
Personal name Jillian Sanderson
245 ## - TITLE STATEMENT
Title Online News
260 ## - PUBLICATION, DISTRIBUTION, ETC. (IMPRINT)
Place of publication New Delhi
Name of publisher Pinakin
Year of publication 2027
300 ## - PHYSICAL DESCRIPTION
Number of Pages viii+284
650 ## - SUBJECT ADDED ENTRY--TOPICAL TERM
Topical Term Digital Age
942 ## - ADDED ENTRY ELEMENTS (KOHA)
Source of classification or shelving scheme Dewey Decimal Classification
Koha item type Book
Holdings
Withdrawn status Lost status Source of classification or shelving scheme Damaged status Not for loan Home Library Current Location Shelving location Date acquired Source of acquisition Full call number Accession Number Price effective from Koha item type
    Dewey Decimal Classification     Dept. of Communication and Journalism Dept. of Communication and Journalism General Stacks 13/02/2026 Chapter Books 070.1028 JIL.O DCJ7366 20/02/2026 Book